[Event "IECG CP.2002.P.00053 email"]
[Site "IECG email"]
[Date "2002.10.01"]
[Round "?"]
[White "Sanchez Carol, Jesus"]
[Black "Taylor, Randy"]
[Result "1-0"]
[WhiteElo "1742"]
[BlackElo "1189"]
[PlyCount "75"]
[EventDate "2002.10.01"]
[EventType "tourn (corr)"]
[EventRounds "6"]
[EventCountry "GER"]
[SourceTitle "Corr 2008"]
[Source "ChessBase"]
[SourceDate "2008.06.24"]
[SourceVersion "1"]
[SourceVersionDate "2008.06.24"]
[SourceQuality "1"]

1. e4 e5 2. Nc3 Nf6 3. Nf3 Nc6 4. Bb5 Nd4 5. Bc4 c6 6. Nxe5 d5 7. exd5 cxd5 8. Bb5+ Nxb5 9. Nxb5 Qb6 10. c4 Be6 11. Qa4 Nd7 12. cxd5 Bxd5 13. 0-0 Rd8 14. Re1 Be7 15. Nd4 Qf6 16. b3 a6 17. Ng4 Qg5 18. h3 0-0 19. d3 Qh5 20. Rxe7 Nc5 21. Qb4 Nxd3 22. Qb6 Rde8 23. Ba3 Rxe7 24. Bxe7 Re8 25. Qd6 Be4 26. f3 Bf5 27. Ne5 Nf4 28. Nc4 Bc8 29. Qxf4 Rxe7 30. Nd6 Bd7 31. Rc1 Qg6 32. Kf2 Kf8 33. b4 f6 34. N4f5 Re5 35. g4 h5 36. Rc7 Bxf5 37. gxf5 Qg5 38. Qd4 1-0

[Event "IECG CP.2002.P.00053 email"]
[Site "IECG email"]
[Date "2002.10.01"]
[Round "?"]
[White "Taylor, Randy"]
[Black "Lehnert, Ronald"]
[Result "0-1"]
[WhiteElo "1189"]
[BlackElo "1498"]
[PlyCount "88"]
[EventDate "2002.10.01"]
[EventType "tourn (corr)"]
[EventRounds "6"]
[EventCountry "GER"]
[SourceTitle "Corr 2008"]
[Source "ChessBase"]
[SourceDate "2008.06.24"]
[SourceVersion "1"]
[SourceVersionDate "2008.06.24"]
[SourceQuality "1"]

1. e4 c5 2. Nf3 d6 3. d4 cxd4 4. Nxd4 Nf6 5. Nc3 g6 6. Bb5+ Bd7 7. 0-0 Bg7 8. Re1 0-0 9. Bc4 Nc6 10. Nxc6 bxc6 11. Bf4 Ng4 12. Be2 Ne5 13. Qd2 Rb8 14. b3 Qa5 15. h3 Nf3+ 16. Bxf3 Bxc3 17. Qc1 Bxe1 18. Qxe1 Qxe1+ 19. Rxe1 f6 20. Be2 Kf7 21. Rd1 c5 22. Bh6 Rfd8 23. Bd2 h5 24. a4 Bc6 25. f3 h4 26. Bc4+ e6 27. Bf4 Ke7 28. Be3 Bb7 29. e5 Rbc8 30. exf6+ Kxf6 31. f4 d5 32. Bd3 d4 33. Bf2 g5 34. Re1 Rg8 35. fxg5+ Kxg5 36. Rxe6 Rce8 37. Rd6 Kf4 38. Rf6+ Ke5 39. Rf5+ Ke6 40. Bxh4 Rxg2+ 41. Kf1 Rgg8 42. Rxc5 Bg2+ 43. Kf2 Kd6 44. Ra5 Bxh3 0-1

[Event "IECG RF.2002.0.00006"]
[Site "IECG email"]
[Date "2002.08.16"]
[Round "?"]
[White "Taylor, Randy"]
[Black "Quinones Borda, Jorge Victor"]
[Result "0-1"]
[WhiteElo "1189"]
[BlackElo "1000"]
[PlyCount "78"]
[EventDate "2002.08.16"]
[EventType "tourn (corr)"]
[EventRounds "6"]
[SourceTitle "Corr 2008"]
[Source "ChessBase"]
[SourceDate "2008.06.24"]
[SourceVersion "1"]
[SourceVersionDate "2008.06.24"]
[SourceQuality "1"]

1. e4 d5 2. Nc3 d4 3. Na4 e5 4. Bc4 c6 5. Qh5 Qc7 6. Nf3 b5 7. Qxe5+ Qxe5 8. Nxe5 bxc4 9. Nxc4 Ba6 10. b3 Bxc4 11. bxc4 Nd7 12. c3 d3 13. f4 Ngf6 14. e5 Ne4 15. Nb2 Ndc5 16. Nd1 0-0-0 17. 0-0 Na4 18. Kh1 Bc5 19. Re1 Nf2+ 20. Nxf2 Bxf2 21. Rf1 Bc5 22. Re1 Rhe8 23. Rb1 Nb6 24. f5 Nxc4 25. e6 fxe6 26. fxe6 Rd5 27. h4 Re5 28. Rxe5 Nxe5 29. c4 Nxc4 30. Rb3 Rxe6 31. Kh2 Bd6+ 32. g3 Re2+ 33. Kh3 Re1 34. Rc3 Rg1 35. Rxc4 Rxg3+ 36. Kh2 Rg4+ 37. Kh3 Rxc4 38. Bb2 Bf4 39. Bxg7 Bxd2 0-1